| 000 | 00969nam a2200193 a 4500 | ||
|---|---|---|---|
| 001 | 43508 | ||
| 005 | 20180714022042.0 | ||
| 008 | 140415s1984 mx 000 0 eng d | ||
| 020 | _a0897210301 | ||
| 041 | _aeng | ||
| 082 |
_a582.16 _bDIR |
||
| 100 | 1 | _aDIRR, MICHAEL | |
| 245 | 1 | 0 | _aALL ABOUT EVERGREENS |
| 250 | _a1a ed. | ||
| 260 |
_aMEXICO : _bORTHO BOOKS, _c1984 |
||
| 300 |
_a96 _cx 21 x 28 |
||
| 520 | _aEN TODO ACERCA DE PLANTAS DE HOJAS PERENNES, APRENDA COMO SELECCIONAR , IDENTIFICAR, PLANTAR, Y CUIDAR CUALQUIER TIPO DE PLANTAS DE HOJAS PERENNES, ÁRBOLES Y MATORRALES. INCLUYE TODAS LAS CONIFERAS CONOCIDAS POPULARMENTE Y LA MAYOR PARTE DE LA DURACIÓN DE VIDA DE LOS ÁRBOLES DE HOJA PERENNE. DOCENAS DE IDEAS PARA PARA LA CREACIÓN DISEÑO Y MANEJO DE LOS PAISAJES CON PLANTAS DE HOJAS PERENNES. MUY UTIL Y PRÁCTICO PARA QUIEN DESEE COMENZAR A CONOCER Y MANEJAR TODAS ESTAS PLANTAS DE HOJAS | ||
| 650 | 1 | 4 |
_aARBOLES _xPLANTAS PERENES |
| 999 |
_c43508 _d43508 |
||